| 000 | 004210000a22001690004500 | ||
|---|---|---|---|
| 003 | MACL | ||
| 005 | 20151231161852.0 | ||
| 008 | 151231b xxu||||| |||| 00| 0 eng d | ||
| 040 |
_aMACL _cMACL |
||
| 041 | _aEnglish | ||
| 082 | _a340/GUR | ||
| 100 |
_aGurvitch, Georges _925938 |
||
| 245 | _aSociology of Law | ||
| 260 |
_bAlliance Book Corporation _c1942 _aNew York |
||
| 650 |
_aLaw _925939 |
||
| 942 |
_cBK _k340/GUR _2ddc |
||
| 999 |
_c34699 _d34699 |
||